| 000 | 01324nam0a22002771 4500 | ||
|---|---|---|---|
| 001 | rc\1138979 | ||
| 005 | 20041129084207.8 | ||
| 035 | _a(NLR Aleph) 006385638 | ||
| 090 |
_a5112399 _c5112399 |
||
| 100 | _a20041129d1980 u |0rusy50 ca | ||
| 101 | 0 | _arus | |
| 102 | _aRU | ||
| 105 | _aa ||||||||| | ||
| 200 | 1 |
_aЛогарифмическое множительно-делительное устройство _e[Доложено на 1 Всесоюз. семинаре по автоматизации науч. исслед. в ядер. физике и смеж. областях", г. Душанбе, 1980 г.] |
|
| 210 |
_aЛ. _cЛИЯФ _d1980 |
||
| 215 |
_a18 с. _cсхем. _d21 |
||
| 225 | 1 |
_aАН СССР, Ленинградский институт ядерной физики им. Б.П. Константинова _v579 |
|
| 320 | _aБиблиогр.: с. 17 | ||
| 700 | 1 |
_aИванов _bВ. В. _gВладимир Васильевич |
|
| 701 | 1 |
_aМарченков _bВ. В. |
|
| 712 | 1 | 2 |
_aВсесоюзный семинар по автоматизации науч. исследований по ядерной физике и смежных областях _d1 _f1980 _eДушанбе |
| 801 | 0 |
_aRU _bNLR _gpsbo |
|
| 801 | 1 |
_aRU _bELAR _2rusmarc |
|
| 852 |
_aNLR _j80-4/23912 |
||
| 942 | _cBOOK | ||
| 980 | _aNB | ||